A Man for all seasons : (Record no. 35496)
[ view plain ]
| 000 -LEADER | |
|---|---|
| fixed length control field | 00451nam a2200145 a 4500 |
| 005 - DATE AND TIME OF LATEST TRANSACTION | |
| control field | 20140311130135.0 |
| 008 - FIXED-LENGTH DATA ELEMENTS--GENERAL INFORMATION | |
| fixed length control field | 030130s19uu xx 00 eng d |
| 100 ## - MAIN ENTRY--PERSONAL NAME | |
| Personal name | Bolt, Robert |
| 245 ## - TITLE STATEMENT | |
| Title | A Man for all seasons : |
| Remainder of title | a play in two acts / |
| Statement of responsibility, etc | Robert Bolt. |
| 650 ## - SUBJECT ADDED ENTRY--TOPICAL TERM | |
| Topical term or geographic name as entry element | More, thomas, Sir Saint |
| General subdivision | 1478-1535 |
| -- | Drama |
| 650 ## - SUBJECT ADDED ENTRY--TOPICAL TERM | |
| Topical term or geographic name as entry element | Christian saints |
| General subdivision | Drama |
| 650 ## - SUBJECT ADDED ENTRY--TOPICAL TERM | |
| Topical term or geographic name as entry element | Great Britain |
| General subdivision | History--Henry VIII--1509--1547 |
| -- | Drama |
| 942 ## - ADDED ENTRY ELEMENTS (KOHA) | |
| Koha item type | Books |
No items available.